Groups of Animals - Statistics

General Stats
  • This quiz has been taken 180 times
  • The average score is 7 of 16
Answer Stats
Hint Answer % Correct
A group of wolves is a pack
90%
A group of lions is a pride
88%
A group of crows is a murder
85%
A group of elephants is a parade
73%
A group of of horses is a herd
71%
A group of puppies is a litter
63%
A group of ants is an army
60%
A group of dolphin is a pod
53%
A group of owls is a parliament
49%
A group of hyenas is a cackle
26%
A group of chimpanzees is a troop
21%
A group of ferrets is a business
18%
A group of lemurs is a conspiracy
7%
A group of cockroaches is an intrusion
7%
A group of otters is a romp
6%
A group of jellyfish is a bloom
5%
No matching quizzes found
Score Distribution
Percent of People with Each Score
Percentile by Number Answered
Your Score History
You have not taken this quiz